Platební, úvěrové a vkladové vztahy.

Novela hospodárskeho zákonníka priniesla niektoré úpravy platobných, úverových a vkladových vzťahov: preferencia bezhotovostného styku na základe zmluvy o účte, reklamácia nedostatkov v platobnom styku a náhrady škody, nový prístup k fakturovaniu. V oblasti vkladových a úverových vzťahov dochádza k...

ver descrição completa

Na minha lista:
Detalhes bibliográficos
Autor principal: Zachystalová, Hana
Formato: Capítulo de Livro
Idioma:tcheco
Assuntos:
Tags: Adicionar Tag
Sem tags, seja o primeiro a adicionar uma tag!

MARC

LEADER 00000naa a2200000 4500
001 r005968
005 20221125080520.9
041 0 |a cze 
044 |a [CS] 
245 1 0 |a Platební, úvěrové a vkladové vztahy.  |c Hana Zachystalová 
520 |a Novela hospodárskeho zákonníka priniesla niektoré úpravy platobných, úverových a vkladových vzťahov: preferencia bezhotovostného styku na základe zmluvy o účte, reklamácia nedostatkov v platobnom styku a náhrady škody, nový prístup k fakturovaniu. V oblasti vkladových a úverových vzťahov dochádza k zmenám v úprave úverových vzťahov. 
610 2 0 |a platby obchodné 
610 2 0 |a úver 
610 2 0 |a vklady 
610 2 0 |a zákonník hospodársky 
610 2 0 |a styk platobný bezhotovostný 
610 2 0 |a reklamácie 
610 2 0 |a náhrada škody 
610 2 0 |a fakturovanie 
610 2 0 |a ČSFR 
100 1 |a Zachystalová, Hana